Comprehensive design of steel structures (Record no. 5274)
[ view plain ]
| 000 -LEADER | |
|---|---|
| fixed length control field | 00367nam a2200145Ia 4500 |
| 008 - FIXED-LENGTH DATA ELEMENTS--GENERAL INFORMATION | |
| fixed length control field | 191201s2013 xx 000 0 und d |
| 082 ## - DEWEY DECIMAL CLASSIFICATION NUMBER | |
| Classification number | 624.1821 |
| Item number | PUC |
| 100 ## - MAIN ENTRY--PERSONAL NAME | |
| Personal name | PUNMIA, B.C |
| 245 #0 - TITLE STATEMENT | |
| Title | Comprehensive design of steel structures |
| 250 ## - EDITION STATEMENT | |
| Edition statement | Rep |
| 260 ## - PUBLICATION, DISTRIBUTION, ETC. (IMPRINT) | |
| Place of publication, distribution, etc | N. delhi |
| Name of publisher, distributor, etc | Laxmi Publications |
| Date of publication, distribution, etc | 2013 |
| 300 ## - PHYSICAL DESCRIPTION | |
| Extent | 1156 |
| 650 ## - SUBJECT ADDED ENTRY--TOPICAL TERM | |
| Topical term or geographic name as entry element | B.Tech(CE) |
| 942 ## - ADDED ENTRY ELEMENTS (KOHA) | |
| Source of classification or shelving scheme | Dewey Decimal Classification |
| Koha item type | Text Books |
| 942 ## - ADDED ENTRY ELEMENTS (KOHA) | |
| -- | 6 |
| Withdrawn status | Lost status | Source of classification or shelving scheme | Damaged status | Not for loan | Collection code | Home library | Current library | Date acquired | Source of acquisition | Cost, normal purchase price | Bill Number | Total Checkouts | Full call number | Acc. no. / Barcode | Checked out | Date last seen | Date last borrowed | Bill Date | Koha item type |
|---|---|---|---|---|---|---|---|---|---|---|---|---|---|---|---|---|---|---|---|
| Dewey Decimal Classification | B.Tech(CE) | PIET C-LIBRARY | PIET C-LIBRARY | 06/07/2012 | IBH, New Delhi | 650.00 | 4873 | 1 | 624.1821 PUC | 19515 | 17/11/2020 | 03/11/2020 | 03/11/2020 | 03/07/2012 | Text Books | ||||
| Dewey Decimal Classification | B.Tech(CE) | PIET C-LIBRARY | PIET C-LIBRARY | 06/07/2012 | IBH, New Delhi | 650.00 | 4873 | 3 | 624.1821 PUD | 19516 | 24/06/2022 | 15/06/2022 | 03/07/2012 | Text Books | |||||
| Dewey Decimal Classification | B.Tech(CE) | PIET C-LIBRARY | PIET C-LIBRARY | 06/07/2012 | IBH, New Delhi | 650.00 | 4873 | 2 | 624.1821 PUD | 19517 | 25/06/2022 | 15/06/2022 | 03/07/2012 | Text Books | |||||
| Dewey Decimal Classification | B.Tech(CE) | PIET C-LIBRARY | PIET C-LIBRARY | 06/07/2012 | IBH, New Delhi | 650.00 | 4873 | 624.1821 PUC | 19518 | 04/12/2019 | 03/07/2012 | Text Books | |||||||
| Dewey Decimal Classification | B.Tech(CE) | PIET C-LIBRARY | PIET C-LIBRARY | 06/07/2012 | IBH, New Delhi | 650.00 | 4873 | 2 | 624.1821 PUD | 19519 | 08/05/2023 | 20/04/2023 | 03/07/2012 | Text Books |